| 000 | 00470cam a2200157u 4500 | ||
|---|---|---|---|
| 040 | _cCarP | ||
| 082 | _a597 FIS 1958 A023 Or. | ||
| 100 | 1 | _aRicker, William Edwin. | |
| 245 | 1 | 0 | _aHandbook of computations for biological statistics of fish populations. |
| 260 |
_aOttawa, _bFisheries Research Board of Canada, _c1958. |
||
| 300 |
_a300 p. _billus. _c25 cm. |
||
| 650 | 0 | _aAnimal populations. | |
| 650 | 0 | _aMathematical statistics. | |
| 650 | 0 | _aFisheries | |
| 942 | _cEK | ||
| 999 |
_c16340 _d16340 |
||